2023 FIFA Women's World Cup Quiz - Statistics

General Stats
  • This quiz has been taken 1,348 times
  • The average score is 25 of 32
Answer Stats
Group Answer % Correct
Group D England
97%
Group B Australia
96%
Group C Spain
96%
Group E United States
96%
Group C Japan
93%
Group G Sweden
93%
Group F France
92%
Group H Germany
92%
Group F Brazil
91%
Group B Canada
91%
Group A New Zealand
90%
Group A Norway
89%
Group D China
88%
Group G Italy
86%
Group E Portugal
86%
Group G Argentina
85%
Group E Netherlands
85%
Group H Colombia
84%
Group D Denmark
82%
Group B Ireland
81%
Group B Nigeria
80%
Group H South Korea
80%
Group G South Africa
76%
Group A Switzerland
75%
Group H Morocco
72%
Group F Jamaica
58%
Group E Vietnam
57%
Group F Panama
53%
Group C Costa Rica
52%
Group D Haiti
52%
Group A Philippines
50%
Group C Zambia
43%
No matching quizzes found
Score Distribution
Percent of People with Each Score
Percentile by Number Answered
Your Score History
You have not taken this quiz